| 000 | 00928nam a22002297a 4500 | ||
|---|---|---|---|
| 005 | 20100910161617.0 | ||
| 010 | _aMAR-20262 | ||
| 020 |
_c150.00 _a8187002417 |
||
| 035 | _aMR-12920 | ||
| 037 | _bDBAD / PUB | ||
| 082 | _a634.655 | ||
| 100 |
_aराऊळ, वि. ग. _920511 |
||
| 245 |
_aआंबा-वाण / _cवि ग राऊळ |
||
| 246 |
_aAmba -Vaan _bby V G Raude |
||
| 260 |
_aपुणे _bसन पब्लिकेशन्स _c2010 |
||
| 270 |
_a317 नारायण पेठ, दैनिक प्रभात समोर _bपुणे |
||
| 300 |
_a152पृ _c21सेमी (अजिल्द) _bसचित्र |
||
| 700 | _917934 | ||
| 700 | _919411 | ||
| 942 |
_2ddc _cMR _mराऊळ _h634.655 |
||
| 999 |
_c46462 _d46462 |
||